000 00671nam a2200277Ia 4500
008 160716s9999||||xx |||||||||||||| ||und||
040 _cEnglish
082 _aXIC/Judge
082 _bBORI-9737
100 _aWilliam Q. Judge
245 4 _aThe Ocean Of Theosophy
260 _aLos Angeles
260 _bThe Theosophy Company
300 _aXiii+162
300 _cA
300 _eHardbound
530 _u00009737.pdf
563 _aStudy
600 _aWilliam Q. Judge
630 _aThe Ocean Of Theosophy
650 _aGeneral Indology
650 _aPhilosophy
700 _aWilliam Q. Judge
730 _aThe Ocean Of Theosophy
942 _cBOOK
999 _c1394152
_d1394149